000 00977nam a2200217 a 4500
008 200710s2019 ||||||||||||||||| || u
020 _a9781108471596
050 _aQB 1. I6 Int
100 _aValls-Gabaud, David
245 1 0 _aUnder one sky : the IAU Centenary Symposium : proceedings of the 349th Symposium of the International Astronomical Union held in Vienna, Austria 28-31 August, 2018
_cEdited by Christiaan Sterken, John Hearnshaw and David Vallsi Gabaud
260 _aCambridge
_bCambridge University Press
_c2019
300 _axii, 542 pages : illustrations
490 _aIAU Symposium proceedings series
650 _aASTRONOMY
650 _aINTERNATIONAL ASTRONOMICAL UNION
650 _aASTROPHYSICS
650 _aCOSMOLOGY
700 _aHearnshaw, John
700 _aSterken, Christiaan
995 _D112.10
_FCBU-MAIN LIBRARY (Kitwe)
_M1
_UAVAILABLE
_WJul 17, 2020
_ZMain Library Open Access Collection
999 _c60627
_d60627